| 000 | 00659nam a2200205 a 4500 | ||
|---|---|---|---|
| 008 | 120416s1985 ||||||||||||||||| || u | ||
| 020 | _a0395355966 | ||
| 050 | _aHB 615 Smi | ||
| 100 | _aSmith, Jerald R | ||
| 245 | 1 | 0 | _aEnterprise |
| 246 | _aa simulation | ||
| 260 |
_aBoston : _bHoughton Mifflin _c1985 |
||
| 300 | _a[x], 179p. : ill | ||
| 350 | _a0.00 | ||
| 650 | _aSMALL BUSINESS--MANAGEMENT | ||
| 650 | 0 | _aBUSINESS | |
| 650 | 0 | _aNEW BUSINESS ENTERPRISES--MANAGEMENT | |
| 700 | _aGolden, Peggy A | ||
| 995 |
_D0.00 _FCBU-MAIN LIBRARY (Kitwe) _H1 _I35.45 _M1 _UDAMAGED _ZMain Library Open Access Collection |
||
| 999 |
_c42090 _d42090 |
||